| 000 | 00832nam a22002897a 4500 | ||
|---|---|---|---|
| 003 | BUBTL | ||
| 008 | 131027b xxu||||| |||| 00| 0 eng d | ||
| 020 | _a81-224-0548-7 | ||
| 024 | _cAvailable | ||
| 037 | _cAvailable | ||
| 040 |
_aMBSTU LIBRARY _dMBSTU LIBRARY |
||
| 082 |
_222 _a512.523 SPV |
||
| 100 | _aSpiegel, Murray R. | ||
| 245 | _aVector analysis with applications. | ||
| 250 | _a2nd | ||
| 260 |
_aNew Delhi _bPrentice Hall of India. _c2000 |
||
| 300 |
_a24 cm. _b225 page _f1 _g24 cm. |
||
| 440 |
_9241 _aSchaum's Outlines |
||
| 600 | _2Vector spaces. | ||
| 650 | _2Vector spaces. | ||
| 700 | _aSpiegel, Murray R. | ||
| 856 |
_k0 _l0 _yDownload |
||
| 270 |
_aNew Delhi _bNew Delhi _dIndia |
||
| 365 |
_b291.00 _d291.00 |
||
| 942 |
_2ddc _cBK |
||
| 999 |
_c734 _d734 |
||